Až co řekne král

Čo môže očakávať Európska únia od nového francúzskeho prezidenta Nicolasa Sarkozyho. Sarkozyho ideológia. Podpora novej ústavnej zmluvy. Problematika rozpočtu a imigračnej politiky EÚ. Potreba vytvoriť ekonomickú vládu EÚ. Silný protivník európskych nováčikov.

Guardado en:
Detalles Bibliográficos
Autor principal: Šafaříková, Kateřina
Formato: Capítulo de libro
Lenguaje:checo
Materias:
Etiquetas: Agregar Etiqueta
Sin Etiquetas, Sea el primero en etiquetar este registro!

MARC

LEADER 00000naa$a2200000$$$4500
001 0060942
005 20231016092854.1
041 0 |a cze 
044 |a CZ 
245 1 0 |a Až co řekne král  |c Kateřina Šafaříková 
520 |a Čo môže očakávať Európska únia od nového francúzskeho prezidenta Nicolasa Sarkozyho. Sarkozyho ideológia. Podpora novej ústavnej zmluvy. Problematika rozpočtu a imigračnej politiky EÚ. Potreba vytvoriť ekonomickú vládu EÚ. Silný protivník európskych nováčikov. 
610 2 0 |a spolupráca hospodárska medzinárodná 
610 2 0 |a vzťahy medzinárodné 
610 2 0 |a politika zahraničná 
610 2 0 |a prezidenti 
610 2 0 |a Francúzsko 
610 2 0 |a Európska únia 
100 1 |a Šafaříková, Kateřina